Die Top 16 der PDC Order of Merit 2011 - Statistiken

Allgemein
  • Dieses Quiz wurde 20 mal gespielt
  • Das Durchschnittsergebnis liegt bei 11 aus 16
Antwortstatistiken
Weltranglistenplatz Land Dartsspieler % Korrekt
2 England Adrian Lewis
100%
4 Schottland Gary Anderson
100%
1 England Phil Taylor
100%
8 Niederlande Raymond van Barneveld
100%
5 Australien Simon Whitlock
94%
3 England James Wade
88%
6 Wales Mark Webster
76%
16 England Mervyn King
65%
9 England Kevin Painter
59%
10 England Terry Jenkins
59%
12 Niederlande Vincent van der Voort
59%
7 England Wes Newton
59%
15 England Colin Lloyd
47%
13 England Ronnie Baxter
35%
14 England Wayne Jones
29%
11 England Mark Walsh
18%
Keine übereinstimmenden Quizze gefunden
Verteilung der Resultate
Anzahl Personen mit jedem Resultat
Perzentil nach korrekt beantworteten Fragen
Ihre Resultats-Entwicklung
Sie haben dieses Quiz noch nicht gespielt